Princess Juliana Int. Destinations (Simpson Bay, Sint Maarten) - Statistics

General Stats
  • This quiz has been taken 66 times
    22 since last reset
  • The average score is 33 of 42
Answer Stats
Airline Destination % Correct
KLM Amsterdam
100%
Anguilla Air Services/Trans Anguilla Airways Anguilla
100%
Delta Air Lines Atlanta
100%
JetBlue Boston
100%
American Airlines/United Airlines Chicago (O'Hare)
100%
American Airlines Dallas/Fort Worth
100%
Air Canada/Air Transat/Sunwing Airlines Montréal (Trudeau)
100%
American Airlines/Delta Air Lines/JetBlue New York (JFK)
100%
Air France Paris (Charles de Gaulle)
100%
Air Caraïbes Paris (Orly)
100%
American Airlines Philadelphia
100%
Air Canada/Air Transat/Sunwing Airlines/WestJet Toronto (Pearson)
100%
United Airlines Washington (Dulles)
100%
Caribbean Airlines/Winair Barbados
94%
American Airlines Charlotte
94%
Winair Curaçao
94%
American Airlines Miami
94%
La Compagnie/United Airlines Newark
94%
Winair Aruba
88%
Air Century Santo Domingo (La Isabela)
88%
Arajet/Sky High/Winair Santo Domingo (Las Américas)
88%
Sunrise Airways/Winair St. Kitts
88%
Winair St. Vincent (Argyle)
88%
Sunrise Airways/Winair Antigua
81%
Winair Dominica (Douglas-Charles)
75%
Delta Air Lines/Sun Country Airlines Minneapolis/St. Paul
75%
Air France/Air Caraibes/Winair Pointe-à-Pitre
75%
Caribbean Airlines/KLM Port of Spain
75%
Winair Bonaire
69%
Winair Fort-de-France
69%
Spirit Airlines Fort Lauderdale
69%
Sunrise Airways/Winair Port-au-Prince
69%
Winair Montserrat
56%
Winair Saba
56%
Frontier Airlines/Silver Airways San Juan
56%
Caribbean Airlines Kingston (Norman Manley)
50%
Winair Castries
38%
St Barth Commuter/West Indies Helicopters/Winair St. Barthélemy
38%
Winair Nevis
31%
West Indies Helicopters St. Martin
25%
Winair Tortola
25%
Winair St. Eustatius
19%
No matching quizzes found
Score Distribution
Percent of People with Each Score
Percentile by Number Answered
Your Score History
You have not taken this quiz since the last reset